| 000 | 00765 a2200229 4500 | ||
|---|---|---|---|
| 003 | Nust | ||
| 005 | 20170207152320.0 | ||
| 010 | _a 95081167 | ||
| 020 | _a007016763X | ||
| 035 | _a(OCoLC)34275671 | ||
| 040 | _cNust | ||
| 082 | 0 | 0 | _a658.4/038011 |
| 100 | 1 | _aDewitz, Sandra. | |
| 245 | 1 | 0 |
_aSystems analysis and design and the transition to objects / _cSandra Donaldson Dewitz. |
| 260 |
_aNew York : _bMcGraw-Hill ; _c1996. |
||
| 300 |
_axvii, 557 p. : _bill. ; _c24 cm. |
||
| 650 | 0 | _aObject-oriented methods (Computer science) | |
| 650 | 0 | _aSystem analysis. | |
| 650 | 0 | _aSystem design. | |
| 856 | 4 | 2 |
_3Publisher description _uhttp://www.loc.gov/catdir/description/mh022/95081167.html |
| 856 | 4 | 2 |
_3Table of contents _uhttp://www.loc.gov/catdir/toc/mh022/95081167.html |
| 942 | _cREF | ||
| 999 |
_c174879 _d174879 |
||